<?xml version="1.0" encoding="UTF-8"?><?xml-stylesheet type="text/xsl" href="static/style.xsl"?><OAI-PMH xmlns="http://www.openarchives.org/OAI/2.0/" xmlns:xsi="http://www.w3.org/2001/XMLSchema-instance" xsi:schemaLocation="http://www.openarchives.org/OAI/2.0/ http://www.openarchives.org/OAI/2.0/OAI-PMH.xsd"><responseDate>2026-06-07T19:15:43Z</responseDate><request verb="GetRecord" identifier="oai:docta.ucm.es:20.500.14352/134766" metadataPrefix="marc">https://docta.ucm.es/rest/oai/request</request><GetRecord><record><header><identifier>oai:docta.ucm.es:20.500.14352/134766</identifier><datestamp>2026-04-14T23:48:53Z</datestamp><setSpec>com_20.500.14352_14</setSpec><setSpec>col_20.500.14352_15</setSpec></header><metadata><record xmlns="http://www.loc.gov/MARC21/slim" xmlns:dcterms="http://purl.org/dc/terms/" xmlns:xsi="http://www.w3.org/2001/XMLSchema-instance" xmlns:doc="http://www.lyncode.com/xoai" xsi:schemaLocation="http://www.loc.gov/MARC21/slim http://www.loc.gov/standards/marcxml/schema/MARC21slim.xsd">
   <leader>00925njm 22002777a 4500</leader>
   <datafield ind2=" " ind1=" " tag="042">
      <subfield code="a">dc</subfield>
   </datafield>
   <datafield ind2=" " ind1=" " tag="720">
      <subfield code="a">Blázquez Salcedo, José Luis</subfield>
      <subfield code="e">author</subfield>
   </datafield>
   <datafield ind2=" " ind1=" " tag="720">
      <subfield code="a">Kleihaus, Burkhard</subfield>
      <subfield code="e">author</subfield>
   </datafield>
   <datafield ind2=" " ind1=" " tag="720">
      <subfield code="a">Kunz, Jutta</subfield>
      <subfield code="e">author</subfield>
   </datafield>
   <datafield ind2=" " ind1=" " tag="260">
      <subfield code="c">2024-08-31</subfield>
   </datafield>
   <datafield ind2=" " ind1=" " tag="520">
      <subfield code="a">Black holes represent an ideal laboratory to test Einstein's theory of general relativity and alternative theories of gravity. Among the latter, Einstein-scalar-Gauss-Bonnet Theories have received much attention in recent years. Depending on the coupling function of the scalar field, the resulting black holes may then differ significantly from their counterparts in general relativity. Focusing on the lowest modes, linear mode stability of the black holes is addressed for several types of coupling functions. When in addition to the coupling to the Gauss-Bonnet term a cosmologically motivated further term with coupling to the curvature scalar is included, a new set of instabilities arises: quadrupole and hexadecupole instabilities of spherically symmetric scalarized black holes, that are stable under radial perturbations.</subfield>
   </datafield>
   <datafield ind1="8" ind2=" " tag="024">
      <subfield code="a">Blázquez-Salcedo, J.L., Kleihaus, B. &amp; Kunz, J. Instabilities of black holes in Einstein-scalar–Gauss–Bonnet theories. Gen Relativ Gravit 56, 99 (2024). https://doi.org/10.1007/s10714-024-03278-w</subfield>
   </datafield>
   <datafield ind1="8" ind2=" " tag="024">
      <subfield code="a">0001-7701</subfield>
   </datafield>
   <datafield ind1="8" ind2=" " tag="024">
      <subfield code="a">10.1007/S10714-024-03278-W</subfield>
   </datafield>
   <datafield ind1="8" ind2=" " tag="024">
      <subfield code="a">https://hdl.handle.net/20.500.14352/134766</subfield>
   </datafield>
   <datafield ind1="8" ind2=" " tag="024">
      <subfield code="a">1572-9532</subfield>
   </datafield>
   <datafield ind1="8" ind2=" " tag="024">
      <subfield code="a">https//doi.org/ 10.1007/S10714-024-03278-W</subfield>
   </datafield>
   <datafield ind1="8" ind2=" " tag="024">
      <subfield code="a">https://link.springer.com/article/10.1007/s10714-024-03278-W</subfield>
   </datafield>
   <datafield ind2="0" ind1="0" tag="245">
      <subfield code="a">Instabilities of black holes in Einstein-scalar–Gauss–Bonnet theories</subfield>
   </datafield>
</record></metadata></record></GetRecord></OAI-PMH>